Jak prodávat, aby od vás kupovali průvodce úspěšného obchodníka
Guardado en:
| Autor principal: | |
|---|---|
| Otros Autores: | |
| Formato: | Libro |
| Lenguaje: | checo |
| Publicado: |
Praha
GRADA Publishing
2016
|
| Materias: | |
| Etiquetas: |
Sin Etiquetas, Sea el primero en etiquetar este registro!
|
MARC
| LEADER | 00000nam a2200000 4500 | ||
|---|---|---|---|
| 001 | 0216072 | ||
| 005 | 20221107101009.1 | ||
| 020 | |a 978-80-247-5727-8 | ||
| 041 | 0 | |a cze | |
| 044 | |a CZ | ||
| 245 | 1 | 0 | |a Jak prodávat, aby od vás kupovali |b průvodce úspěšného obchodníka |c Peter Ulčin ; překlad: Petr Somogyi |
| 264 | 1 | |a Praha |b GRADA Publishing |c 2016 | |
| 300 | |a 174 s. | ||
| 610 | 2 | 0 | |a predaj |
| 610 | 2 | 0 | |a kúpa |
| 610 | 2 | 0 | |a obchod |
| 610 | 2 | 0 | |a obchodníci |
| 610 | 2 | 0 | |a osobnosť |
| 610 | 2 | 0 | |a komunikácia interpersonálna |
| 610 | 2 | 0 | |a klienti |
| 610 | 2 | 0 | |a prezentácia |
| 610 | 2 | 0 | |a politika cenová |
| 610 | 2 | 0 | |a zákazníci |
| 610 | 2 | 0 | |a komunikácia verbálna |
| 610 | 2 | 0 | |a psychológia predaja |
| 610 | 2 | 0 | |a poradenstvo |
| 100 | 1 | |a Ulčin, Peter | |
| 700 | 1 | |a Somogyi, Petr | |